| 000 -LEADER |
| fixed length control field |
00521nam a22001817a 4500 |
| 005 - DATE AND TIME OF LATEST TRANSACTION |
| control field |
20150929100251.0 |
| 008 - FIXED-LENGTH DATA ELEMENTS--GENERAL INFORMATION |
| fixed length control field |
150519b xxu||||| |||| 00| 0 eng d |
| 041 0# - LANGUAGE CODE |
| Language code of text/sound track or separate title |
eng |
| 080 ## - UNIVERSAL DECIMAL CLASSIFICATION NUMBER |
| Universal Decimal Classification number |
65.017 |
| 100 ## - Rafti |
| Rafti |
Newman, Aaron |
| 245 ## - TITLE STATEMENT |
| Title |
Enterprise: |
| Statement of responsibility, etc |
Aaron C. Newman, Jeremy Thomas ; technical editor, Aaron Fulkerson. |
| 260 ## - |
| -- |
New York : |
| -- |
McGraw-Hill, |
| -- |
c2009 |
| 300 ## - |
| -- |
406 f |
| -- |
me il.; |
| 505 ## - |
| -- |
Includes index. |
| 650 #0 - |
| -- |
Ndermarresia |
| 700 1# - |
| -- |
Newman Aaron |
| 942 ## - ADDED ENTRY ELEMENTS (KOHA) |
| Source of classification or shelving scheme |
|
| Item type |
Books |